| 000 | 00471nam a2200181Ia 4500 | ||
|---|---|---|---|
| 005 | 20250508151756.0 | ||
| 008 | 008 250505s9999 xx 000 0 hin d | ||
| 037 | _aTextual | ||
| 040 |
_aFEDL _beng _cFEDL |
||
| 041 |
_ahin _2hin |
||
| 084 |
_a891.434, GAR _qFEDL |
||
| 100 |
_aGarg R P _9339656 |
||
| 245 | 0 | _aSanjeevini | |
| 260 |
_aAjmer, India _bKrishan Brothers |
||
| 300 | _a231p. | ||
| 942 |
_cTEXL _h891.434, GAR |
||
| 999 |
_c1332082 _d1332082 |
||